Statystyki dla 20 krajów w których jest legalna marihuana

Kliknij tutaj aby rozwiązać quiz!

Ogólne statystyki

  • Ten quiz został rozwiązany 43 razy
  • Średni wynik to 13 z 20

Statystyki odpowiedzi

LP.odpowiedż% Poprawnych
2.Kanada
97%
15.Holandia
94%
1.Stany Zjednoczone
92%
10.Brazylia
81%
8.Meksyk
81%
12.Argentyna
78%
4.Belgia
78%
20.Czechy
78%
16.Niemcy
72%
3.Australia
67%
13.Urugwaj
67%
9.Kolumbia
64%
11.Peru
61%
5.Dania
58%
7.Republika Południowej Afryki
53%
18.Wielka Brytania
53%
17.Szwajcaria
47%
19.Chorwacja
36%
6.Malta
31%
14Polska
14%

Rozkład punktacji

Percentyl według liczby udzielonych odpowiedzi

Procent ludzi z każdym wynikiem

Twoja historia wyników

Nie rozwiązałeś tego quizu